Alle Länder des Weströmischen Reichs - Statistiken

Allgemein
  • Dieses Quiz wurde 10 mal gespielt
  • Das Durchschnittsergebnis liegt bei 16 aus 20
Antwortstatistiken
Antwort % Korrekt
Deutschland
100%
Frankreich
100%
Italien
100%
Österreich
100%
Schweiz
100%
Spanien
100%
Belgien
89%
Kroatien
89%
Niederlande
89%
Andorra
78%
Liechtenstein
78%
Luxemburg
78%
Portugal
78%
San Marino
78%
Slowenien
78%
Bosnien
67%
Grossbritannien
67%
Monaco
67%
Montenegro
56%
Serbien
56%
Keine übereinstimmenden Quizze gefunden
Verteilung der Resultate
Anzahl Personen mit jedem Resultat
Perzentil nach korrekt beantworteten Fragen
Ihre Resultats-Entwicklung
Sie haben dieses Quiz noch nicht gespielt